Normal view MARC view

Entry Personal Name

Number of records used in: 1

001 - CONTROL NUMBER

  • control field: 51366

003 - CONTROL NUMBER IDENTIFIER

  • control field: dpl

005 - DATE AND TIME OF LATEST TRANSACTION

  • control field: 20120822170457.0

008 - FIXED-LENGTH DATA ELEMENTS

  • fixed length control field: 120822|||a|||||| | ||| d

040 ## - CATALOGING SOURCE

  • Original cataloging agency: dpl
  • Transcribing agency: dpl

100 ## - HEADING--PERSONAL NAME

  • Personal name: Ali Athar

670 ## - SOURCE DATA FOUND

  • Source citation: Work cat.: (dpl)68861: Ali Athar, Military technology and warfare in the sultanate of Delhi (1206-1398 A.D.), 2006

670 ## - SOURCE DATA FOUND

  • Source citation: Work cat.: (dpl)68861: Ali Athar, Military technology and warfare in the sultanate of Delhi (1206-1398 A.D.), 2006

© Delhi Public Library
Hit Counter
free hit counter